| 000 | 00822nam a2200229 a 4500 | ||
|---|---|---|---|
| 999 |
_c7410 _d7410 |
||
| 001 | 21027 | ||
| 003 | BD-DhUAP | ||
| 005 | 20210121125406.0 | ||
| 008 | 210121t2018 bg a|||| |||| 001 0 eng d | ||
| 020 | _a9847021401352 | ||
| 040 |
_aBD-DhAAL _bEng _cBD-DhUAP _dBD-DhUAP |
||
| 082 |
_223 _a954.9205092 SEC |
||
| 245 |
_aSecret documents of intelligence branch (IB) on father of the nation Bangabandhu Sheikh Mujibur Rahman, 1948-71 : _bdeclassified documents / _cedited by Sheikh Hasina. |
||
| 260 |
_aDhaka : _bHakkani Publishers, _cc2018. |
||
| 300 |
_avolumes : _billustrations ; _c27 cm. |
||
| 500 | _aincludes index | ||
| 505 | _aV. 1 (1948-1950). | ||
| 600 |
_aRahman, Sheikh Mujibur _d1920-1975. _928318 |
||
| 651 |
_aBangladesh _xPolitics and government. _928319 |
||
| 700 |
_aHasina, Sheikh. _928320 |
||
| 942 |
_2ddc _cBK |
||